000 00777cab a2200253 4500
001 ABS46381
008 090401t1992 xxu||||| |||| 00| 0 eng d
035 _a(Sirsi) u58011
041 _aeng
100 _aClayton, P.
245 _aIndustrial property and the economy
260 _c1992
350 _a0
490 _aEstates Gazette
_v(9219) 16 May 1992, 132-133(2)
520 _aExplores the relationship between industrial property and the wider economy and looks for a strategy to stimulate growth through re-industrialisation.
650 _aECONOMIC GROWTH
650 _aEMPLOYMENT
650 _aGOVERNMENT POLICY
650 _aINDUSTRIAL PROPERTY
650 _aMANUFACTURING SECTOR
690 _aECONOMIC AND SOCIAL
942 _n0
948 _c04/03/1997
999 _c35397
_d35397